[Event "Lisbon Portugal rapid op"]
[Site "Lisbon"]
[Date "2022.09.04"]
[Round "9"]
[White "Ulyanovskyy, Viktor"]
[Black "Monteiro, Paulo Alexandre G"]
[Result "1-0"]
[WhiteElo "2194"]
[BlackElo "2010"]
[PlyCount "79"]
[EventDate "2022.09.03"]
[EventType "swiss (rapid)"]
[EventRounds "11"]
[EventCountry "POR"]
[SourceTitle "CBM 210 Extra"]
[Source "ChessBase"]
[SourceDate "2022.11.30"]
[SourceVersion "1"]
[SourceVersionDate "2022.11.30"]
[SourceQuality "1"]

1. e4 c5 2. Nf3 d6 3. Bb5+ Bd7 4. Bxd7+ Qxd7 5. 0-0 Nc6 6. Re1 Nf6 7. c3 e6 8. d3 Be7 9. Bg5 0-0 10. Nbd2 Rfc8 11. Rc1 b5 12. d4 cxd4 13. cxd4 Nb4 14. Qb3 a5 15. a3 Na6 16. h3 a4 17. Qd3 Qb7 18. e5 dxe5 19. dxe5 Nd5 20. Bxe7 Nxe7 21. Ne4 Nf5 22. Nd6 Rd8 23. Qxf5 Rxd6 24. Qh5 Rd5 25. Rc3 Rad8 26. Rec1 h6 27. Nh2 b4 28. Rg3 g6 29. Qxh6 Rd1+ 30. Nf1 Qb5 31. Rxg6+ fxg6 32. Qxg6+ Kf8 33. Qf6+ Kg8 34. Qxe6+ Kf8 35. Qf5+ Ke8 36. Rxd1 Rxd1 37. Qh5+ Ke7 38. Qxd1 Qxe5 39. Qxa4 bxa3 40. Qxa3+ 1-0

[Event "Lisbon Portugal rapid op"]
[Site "Lisbon"]
[Date "2022.09.03"]
[Round "2"]
[White "Avelino, Camila Biscaya"]
[Black "Ulyanovskyy, Viktor"]
[Result "0-1"]
[WhiteElo "1807"]
[BlackElo "2194"]
[PlyCount "56"]
[EventDate "2022.09.03"]
[EventType "swiss (rapid)"]
[EventRounds "11"]
[EventCountry "POR"]
[SourceTitle "CBM 210 Extra"]
[Source "ChessBase"]
[SourceDate "2022.11.30"]
[SourceVersion "1"]
[SourceVersionDate "2022.11.30"]
[SourceQuality "1"]

1. e4 Nf6 2. e5 Nd5 3. c4 Nb6 4. d4 d6 5. exd6 cxd6 6. Nc3 g6 7. Nf3 Bg7 8. Be3 0-0 9. h3 Bf5 10. Bd3 Bxd3 11. Qxd3 Nc6 12. a3 Rc8 13. b3 e5 14. dxe5 dxe5 15. Qxd8 Rfxd8 16. Rc1 Nd4 17. Nd2 Rc6 18. a4 Nf5 19. Bxb6 Rxb6 20. Nd5 Rc6 21. 0-0 Bh6 22. Rcd1 Kf8 23. Nf3 f6 24. g4 Ne7 25. Nxe7 Kxe7 26. Rxd8 Kxd8 27. Rd1+ Kc7 28. Nd2 Rd6 0-1

[Event "Lisbon Portugal rapid op"]
[Site "Lisbon"]
[Date "2022.09.03"]
[Round "6"]
[White "Borges, Guilherme Deola"]
[Black "Ulyanovskyy, Viktor"]
[Result "0-1"]
[WhiteElo "2157"]
[BlackElo "2194"]
[PlyCount "72"]
[EventDate "2022.09.03"]
[EventType "swiss (rapid)"]
[EventRounds "11"]
[EventCountry "POR"]
[SourceTitle "CBM 210 Extra"]
[Source "ChessBase"]
[SourceDate "2022.11.30"]
[SourceVersion "1"]
[SourceVersionDate "2022.11.30"]
[SourceQuality "1"]

1. d4 f5 2. c4 c5 3. d5 Nf6 4. Nc3 g6 5. g3 d6 6. Bg2 Bg7 7. Nh3 0-0 8. Bg5 Na6 9. Qd2 Bd7 10. Bh6 Rb8 11. Bxg7 Kxg7 12. 0-0 Nc7 13. a4 a6 14. Nf4 b5 15. axb5 axb5 16. b3 bxc4 17. bxc4 Rb4 18. Qd3 Ng4 19. e4 Ne5 20. Qe2 Rxc4 21. Rfc1 fxe4 22. Bxe4 Ne8 23. Ra7 Nc7 24. h4 Qb8 25. Qa2 Nb5 26. Rxd7 Nxc3 27. Rxe7+ Kg8 28. Rxe5 Nxa2 29. Rxc4 dxe5 30. Ne6 Rc8 31. h5 Qb3 32. Rc2 Nb4 33. Rd2 Qc4 34. Bf3 Nc2 35. d6 Nd4 36. Bg4 Nxe6 0-1

[Event "Lisbon Portugal rapid op"]
[Site "Lisbon"]
[Date "2022.09.03"]
[Round "7"]
[White "Ulyanovskyy, Viktor"]
[Black "Martins, Bruno Andre Leite"]
[Result "0-1"]
[WhiteElo "2194"]
[BlackElo "2308"]
[PlyCount "88"]
[EventDate "2022.09.03"]
[EventType "swiss (rapid)"]
[EventRounds "11"]
[EventCountry "POR"]
[SourceTitle "CBM 210 Extra"]
[Source "ChessBase"]
[SourceDate "2022.11.30"]
[SourceVersion "1"]
[SourceVersionDate "2022.11.30"]
[SourceQuality "1"]

1. e4 c6 2. e5 d6 3. exd6 Qxd6 4. d4 Nf6 5. Nf3 Bg4 6. Be2 Nbd7 7. 0-0 e6 8. Nc3 Be7 9. Bg5 0-0 10. Bh4 Qc7 11. Bg3 Bd6 12. Ne5 Bf5 13. f4 a6 14. Nc4 Bb4 15. Bd3 Bxc3 16. bxc3 Nd5 17. Bxf5 exf5 18. Qd3 N7f6 19. Rae1 Ne4 20. Nd2 Ndxc3 21. Nc4 Rad8 22. Bh4 f6 23. Ne3 Qd7 24. Kh1 Qxd4 25. Qxd4 Rxd4 26. Nxf5 Rd2 27. g4 g6 28. Ne3 Rfd8 29. Rf3 Re2 30. Nc4 Rxe1+ 31. Bxe1 Nd5 32. f5 b5 33. Na5 c5 34. c4 Nb6 35. cxb5 axb5 36. Re3 Re8 37. Nb7 Nd5 38. Ra3 b4 39. Rd3 Nb6 40. Kg2 c4 41. Rd4 c3 42. Na5 Nc5 43. Bxc3 bxc3 44. Rd6 c2 0-1

[Event "Barreiro op 3rd"]
[Site "Barreiro"]
[Date "2017.10.07"]
[Round "4"]
[White "Ulyanovskyy, Viktor"]
[Black "Ferreira, Hugo Miguel da Cost"]
[Result "1-0"]
[WhiteElo "2205"]
[BlackElo "2138"]
[PlyCount "63"]
[EventDate "2017.10.05"]
[EventType "swiss"]
[EventRounds "7"]
[EventCountry "POR"]
[SourceTitle "CBM 181 Extra"]
[Source "ChessBase"]
[SourceDate "2017.12.12"]
[SourceVersion "1"]
[SourceVersionDate "2017.12.12"]
[SourceQuality "1"]

1. f4 d5 2. c3 Nf6 3. Nf3 g6 4. d4 Bg7 5. e3 0-0 6. Bd3 Nbd7 7. 0-0 c6 8. Nbd2 Ne8 9. e4 dxe4 10. Nxe4 Nd6 11. Nxd6 exd6 12. f5 Qb6 13. Kh1 Nf6 14. a4 a5 15. Qc2 Bd7 16. Bg5 Be8 17. Rae1 Qc7 18. Qb3 Kh8 19. Nd2 d5 20. Qa3 Bd7 21. Re7 Ng8 22. f6 Bh6 23. Nf3 Qc8 24. Qd6 Bf5 25. Qf4 Bxg5 26. Nxg5 Nxe7 27. fxe7 Bxd3 28. Qf6+ Kg8 29. Nxf7 Rxf7 30. Qxf7+ Kh8 31. Qf8+ Qxf8 32. Rxf8+ 1-0

[Event "La Palma Island op"]
[Site "Santa Cruz de La Palma"]
[Date "2017.08.13"]
[Round "3"]
[White "Ulyanovskyy, Viktor"]
[Black "Roeder, Mathias"]
[Result "1/2-1/2"]
[WhiteElo "2201"]
[BlackElo "2395"]
[PlyCount "32"]
[EventDate "2017.08.12"]
[EventType "swiss"]
[EventRounds "9"]
[EventCountry "ESP"]
[SourceTitle "EXT 2019"]
[Source "ChessBase"]
[SourceDate "2018.10.10"]
[SourceVersion "1"]
[SourceVersionDate "2018.10.10"]
[SourceQuality "1"]

1. e4 c5 2. Nf3 d6 3. Bb5+ Nd7 4. 0-0 a6 5. Bxd7+ Bxd7 6. b3 Bg4 7. h3 Bh5 8. c4 Nf6 9. d3 e6 10. Re1 Be7 11. Bb2 0-0 12. Nbd2 Nd7 13. Qc2 Rc8 14. Rac1 Nb8 15. d4 cxd4 16. Nxd4 Bg6 1/2-1/2

[Event "POR-chT"]
[Site "Leiria"]
[Date "2017.07.20"]
[Round "6.3"]
[White "Ulyanovskyy, Viktor"]
[Black "Gonzalez Perez, Arian"]
[Result "0-1"]
[WhiteElo "2219"]
[BlackElo "2461"]
[PlyCount "62"]
[EventDate "2017.07.17"]
[EventType "team-tourn"]
[EventRounds "9"]
[EventCountry "POR"]
[SourceTitle "CBM 179 Extra"]
[Source "ChessBase"]
[SourceDate "2017.08.23"]
[SourceVersion "1"]
[SourceVersionDate "2017.08.23"]
[SourceQuality "1"]
[WhiteTeam "Barreirense"]
[BlackTeam "Dias Ferreira"]
[WhiteTeamCountry "POR"]
[BlackTeamCountry "POR"]

1. e4 g6 2. g3 c6 3. Bg2 d5 4. Nc3 d4 5. Nce2 d3 6. cxd3 Qxd3 7. Nf4 Qa6 8. d4 Bg7 9. h3 Nd7 10. Nf3 e6 11. Qd3 Qxd3 12. Nxd3 Ne7 13. Be3 0-0 14. 0-0 b6 15. Rfc1 Bb7 16. Nd2 Rfd8 17. Nc4 Nf6 18. Nce5 Ne8 19. a4 f6 20. Nf3 c5 21. Nf4 cxd4 22. Nxe6 dxe3 23. Nxd8 exf2+ 24. Kxf2 Rxd8 25. Rd1 Nd6 26. e5 fxe5 27. Ng5 Bxg2 28. Kxg2 Nef5 29. Rd3 Rc8 30. Rad1 Nd4 31. Ne6 Rc2+ 0-1

[Event "Caparica op 2nd"]
[Site "Caparica"]
[Date "2017.06.25"]
[Round "6"]
[White "Figueiredo, Mario Jose da Roch"]
[Black "Ulyanovskyy, Viktor"]
[Result "0-1"]
[WhiteElo "1978"]
[BlackElo "2219"]
[PlyCount "98"]
[EventDate "2017.06.21"]
[EventType "swiss"]
[EventRounds "7"]
[EventCountry "POR"]
[SourceTitle "EXT 2018"]
[Source "ChessBase"]
[SourceDate "2017.10.13"]
[SourceVersion "1"]
[SourceVersionDate "2017.10.13"]
[SourceQuality "1"]

1. d4 c5 2. d5 f5 3. e4 fxe4 4. Nc3 Nf6 5. Bg5 d6 6. Bxf6 exf6 7. Nxe4 Be7 8. Bd3 f5 9. Nd2 0-0 10. f4 Nd7 11. Ne2 a6 12. c4 Nf6 13. h3 Bd7 14. a4 Re8 15. 0-0 g6 16. Qc2 Bf8 17. Rae1 Qa5 18. b3 Bg7 19. Ng3 b5 20. axb5 axb5 21. Ra1 Qb4 22. Rxa8 Rxa8 23. Re1 bxc4 24. Bxc4 Bh6 25. Rf1 Kf7 26. Ne2 Re8 27. g3 Bg7 28. Kg2 Re3 29. Rf3 Rxf3 30. Kxf3 Qa5 31. Kg2 Bc8 32. Qd3 Qa1 33. Nc3 Qb2 34. Kf3 Qc1 35. Kg2 h6 36. Nf3 Qb2+ 37. Qd2 Qa1 38. Qd3 Bd7 39. Ne5+ dxe5 40. fxe5 Nh5 41. e6+ Ke7 42. d6+ Kd8 43. e7+ Ke8 44. Bf7+ Kxf7 45. Qd5+ Kf6 46. Qxc5 Qa8+ 47. Kf2 Qc6 48. Nd5+ Kf7 49. Qa5 Qxd6 0-1

[Event "Caparica op 2nd"]
[Site "Caparica"]
[Date "2017.06.25"]
[Round "7"]
[White "Ulyanovskyy, Viktor"]
[Black "Ferreira, Hugo Miguel da Cost"]
[Result "1-0"]
[WhiteElo "2219"]
[BlackElo "2027"]
[PlyCount "67"]
[EventDate "2017.06.21"]
[EventType "swiss"]
[EventRounds "7"]
[EventCountry "POR"]
[SourceTitle "EXT 2018"]
[Source "ChessBase"]
[SourceDate "2017.10.13"]
[SourceVersion "1"]
[SourceVersionDate "2017.10.13"]
[SourceQuality "1"]

1. e4 d5 2. exd5 Qxd5 3. Nc3 Qd6 4. Nf3 Nf6 5. Bc4 c6 6. Qe2 Bf5 7. h3 Nbd7 8. d4 e6 9. Bg5 Nb6 10. 0-0-0 Nxc4 11. Qxc4 Be7 12. Rhe1 Qb4 13. Ne5 Qxc4 14. Nxc4 Nd5 15. Bxe7 Kxe7 16. Nxd5+ cxd5 17. Ne3 Kf6 18. Nxf5 Kxf5 19. Rd3 Rac8 20. Re5+ Kf6 21. f4 g6 22. c3 h5 23. g3 Rc6 24. Kc2 Ra6 25. Kb1 Rc8 26. Rf3 Rc4 27. g4 hxg4 28. hxg4 Rca4 29. a3 Rb6 30. Kc2 Rc4 31. f5 gxf5 32. gxf5 Rc7 33. fxe6+ Kg7 34. e7 1-0

[Event "Caparica op 2nd"]
[Site "Caparica"]
[Date "2017.06.22"]
[Round "2"]
[White "Nuno, Rafael J Pimparel A"]
[Black "Ulyanovskyy, Viktor"]
[Result "0-1"]
[WhiteElo "1643"]
[BlackElo "2219"]
[PlyCount "38"]
[EventDate "2017.06.21"]
[EventType "swiss"]
[EventRounds "7"]
[EventCountry "POR"]
[SourceTitle "EXT 2018"]
[Source "ChessBase"]
[SourceDate "2017.10.13"]
[SourceVersion "1"]
[SourceVersionDate "2017.10.13"]
[SourceQuality "1"]

1. f4 d6 2. Nf3 Bg4 3. e3 Nd7 4. b3 e5 5. h3 Bxf3 6. Qxf3 exf4 7. Qxf4 Qf6 8. Qxf6 Ngxf6 9. Bb2 d5 10. Nc3 Bd6 11. 0-0-0 0-0 12. Be2 c6 13. Rdf1 Be5 14. Rf5 Bxc3 15. Bxc3 Ne4 16. Bb2 Ng3 17. Rg5 Nxe2+ 18. Kd1 f6 19. Bxf6 Nxf6 0-1

[Event "Caparica op 2nd"]
[Site "Caparica"]
[Date "2017.06.21"]
[Round "1"]
[White "Ulyanovskyy, Viktor"]
[Black "Martinho, Miguel Antunes P"]
[Result "1-0"]
[WhiteElo "2219"]
[BlackElo "1364"]
[PlyCount "59"]
[EventDate "2017.06.21"]
[EventType "swiss"]
[EventRounds "7"]
[EventCountry "POR"]
[SourceTitle "EXT 2018"]
[Source "ChessBase"]
[SourceDate "2017.10.13"]
[SourceVersion "1"]
[SourceVersionDate "2017.10.13"]
[SourceQuality "1"]

1. e4 e5 2. Nf3 Nc6 3. Bb5 a6 4. Ba4 d6 5. c3 Nf6 6. d3 h6 7. 0-0 Be7 8. h3 0-0 9. Re1 b5 10. Bc2 Bb7 11. a4 Qd7 12. Nh4 Nd8 13. axb5 axb5 14. Rxa8 Bxa8 15. Nf5 Ne6 16. Na3 c5 17. Nxb5 Qxb5 18. Nxe7+ Kh7 19. Nf5 Qb6 20. h4 Ng8 21. Ne3 Bc6 22. Nd5 Qb7 23. Ne3 Qe7 24. Qg4 Nf6 25. Nf5 Nxg4 26. Nxe7 Bd7 27. Nf5 g6 28. Nxd6 h5 29. f3 Nf6 30. Nc4 1-0

[Event "POR-chT"]
[Site "Porto"]
[Date "2016.08.19"]
[Round "8.7"]
[White "Ulyanovskyy, Viktor"]
[Black "Romano, Luis Miguel Pereira"]
[Result "1-0"]
[WhiteElo "2206"]
[BlackElo "2052"]
[PlyCount "103"]
[EventDate "2016.08.14"]
[EventType "team-tourn"]
[EventRounds "9"]
[EventCountry "POR"]
[SourceTitle "CBM 173 Extra"]
[Source "ChessBase"]
[SourceDate "2016.08.29"]
[SourceVersion "1"]
[SourceVersionDate "2016.08.29"]
[SourceQuality "1"]
[WhiteTeam "Barreirense"]
[BlackTeam "Didaxis"]
[WhiteTeamCountry "POR"]
[BlackTeamCountry "POR"]

1. e4 c5 2. g3 Nc6 3. Bg2 g6 4. Ne2 Bg7 5. 0-0 Nf6 6. d3 0-0 7. c4 d6 8. h3 a6 9. Nbc3 Rb8 10. Be3 b5 11. cxb5 axb5 12. d4 cxd4 13. Nxd4 Nxd4 14. Bxd4 b4 15. Nd5 Nxd5 16. exd5 Bxd4 17. Qxd4 Bd7 18. Rfe1 Re8 19. Re3 Qb6 20. Qh4 e5 21. dxe6 Rxe6 22. Rd3 Rbe8 23. Bd5 Re1+ 24. Rxe1 Rxe1+ 25. Kg2 Bc6 26. Qc4 Re2 27. Rf3 Bxd5 28. Qxd5 Qc7 29. Qb3 Re4 30. Qd5 Re2 31. Qb3 Re4 32. h4 h5 33. Qd5 Re2 34. Rf6 Kg7 35. Qd4 Qb7+ 36. Kh2 Kh7 37. Qf4 Kg7 38. Qd4 Kh7 39. Qc4 Kg7 40. Rxg6+ fxg6 41. Qxe2 Qa7 42. Qe3 Qf7 43. Qd4+ Kh7 44. a4 bxa3 45. bxa3 Qf3 46. Qa7+ Kg8 47. a4 d5 48. a5 Qe2 49. a6 d4 50. Qb8+ Kg7 51. Qb7+ Kh6 52. a7 1-0

[Event "POR-chT"]
[Site "Porto"]
[Date "2016.08.18"]
[Round "7.15"]
[White "Sousa, Nuno Miguel Vale"]
[Black "Ulyanovskyy, Viktor"]
[Result "0-1"]
[WhiteElo "1979"]
[BlackElo "2206"]
[PlyCount "69"]
[EventDate "2016.08.14"]
[EventType "team-tourn"]
[EventRounds "9"]
[EventCountry "POR"]
[SourceTitle "CBM 173 Extra"]
[Source "ChessBase"]
[SourceDate "2016.08.29"]
[SourceVersion "1"]
[SourceVersionDate "2016.08.29"]
[SourceQuality "1"]
[WhiteTeam "GX 113"]
[BlackTeam "Barreirense"]
[WhiteTeamCountry "POR"]
[BlackTeamCountry "POR"]

1. e4 d5 2. exd5 Qxd5 3. Nc3 Qa5 4. d4 c6 5. Nf3 Bg4 6. h3 Bh5 7. g4 Bg6 8. Ne5 Nf6 9. Bg2 e6 10. 0-0 Nbd7 11. Nc4 Qa6 12. b3 Bb4 13. Bd2 0-0 14. Re1 Rfd8 15. Qf3 Nb6 16. Ne5 Rxd4 17. a3 Bd6 18. Bf1 Qa5 19. b4 Qxe5 20. Rxe5 Bxe5 21. Qe3 Ne4 22. f4 Bf6 23. g5 Nxd2 24. gxf6 Rad8 25. Rd1 gxf6 26. Bg2 Bxc2 27. Nd5 R4xd5 28. Bxd5 Bxd1 29. Bxe6 Nf3+ 30. Kf2 Re8 31. Qc1 fxe6 32. Qxd1 Nh4 33. Qg4+ Ng6 34. h4 f5 35. Qg5 0-1

[Event "POR-chT"]
[Site "Porto"]
[Date "2016.08.16"]
[Round "4.15"]
[White "Ulyanovskyy, Viktor"]
[Black "Butkiewicz, Lukasz"]
[Result "0-1"]
[WhiteElo "2206"]
[BlackElo "2424"]
[PlyCount "62"]
[EventDate "2016.08.14"]
[EventType "team-tourn"]
[EventRounds "9"]
[EventCountry "POR"]
[SourceTitle "CBM 173 Extra"]
[Source "ChessBase"]
[SourceDate "2016.08.29"]
[SourceVersion "1"]
[SourceVersionDate "2016.08.29"]
[SourceQuality "1"]
[WhiteTeam "Barreirense"]
[BlackTeam "Coimbra"]
[WhiteTeamCountry "POR"]
[BlackTeamCountry "POR"]

1. e4 c5 2. g3 Nc6 3. Bg2 g6 4. Ne2 Bg7 5. 0-0 d6 6. h3 e5 7. c4 Nge7 8. Nbc3 0-0 9. d3 f5 10. f4 Be6 11. Rb1 Qd7 12. Kh2 Kh8 13. a3 fxe4 14. Nxe4 b6 15. b4 Rad8 16. fxe5 Nxe5 17. Rxf8+ Rxf8 18. Nf4 Bg8 19. Bd2 Nf5 20. Nc3 g5 21. Nfd5 Nd4 22. Be3 Ndf3+ 23. Kh1 Be6 24. Ne4 Bxh3 25. Nxg5 Nxg5 26. Bxg5 Rf2 27. Qh5 Bxg2+ 28. Kg1 Bf3 29. Qh4 Rg2+ 30. Kf1 Bxd5 31. cxd5 Rg1+ 0-1

[Event "POR-chT"]
[Site "Porto"]
[Date "2015.08.17"]
[Round "3.3"]
[White "Gaspar, Artur Jorge Rocha"]
[Black "Ulyanovskyy, Viktor"]
[Result "1-0"]
[WhiteElo "2134"]
[BlackElo "2233"]
[PlyCount "55"]
[EventDate "2015.08.16"]
[EventType "team-tourn"]
[EventRounds "9"]
[EventCountry "POR"]
[SourceTitle "EXT 2016"]
[Source "ChessBase"]
[SourceDate "2015.10.08"]
[SourceVersion "1"]
[SourceVersionDate "2015.10.08"]
[SourceQuality "1"]
[WhiteTeam "Mata de Benfica"]
[BlackTeam "Barreirense"]
[WhiteTeamCountry "POR"]
[BlackTeamCountry "POR"]

1. Nf3 c5 2. c4 Nc6 3. Nc3 g6 4. g3 Bg7 5. Bg2 e6 6. 0-0 Nge7 7. d4 cxd4 8. Nb5 0-0 9. Nbxd4 d5 10. cxd5 Nxd4 11. Nxd4 Nxd5 12. e4 Nb6 13. Nb5 Bd7 14. Qb3 a6 15. Nc3 Bc6 16. Rd1 Nd7 17. Be3 Qa5 18. e5 Nc5 19. Qc4 Na4 20. b4 Qxe5 21. Bd4 Nb6 22. Bxb6 Qxc3 23. Rac1 Qb2 24. Rc2 Qa3 25. Bxc6 Rac8 26. Rd3 Rxc6 27. Rxa3 Rxc4 28. Rxc4 1-0

[Event "Lisbon Odisseias rapid op 1st"]
[Site "Lisbon"]
[Date "2015.08.12"]
[Round "2"]
[White "Ferreira, Carlos Andre Santos"]
[Black "Ulyanovskyy, Viktor"]
[Result "0-1"]
[WhiteElo "1928"]
[BlackElo "2348"]
[PlyCount "90"]
[EventDate "2015.08.13"]
[EventType "swiss (rapid)"]
[EventRounds "7"]
[EventCountry "POR"]
[SourceTitle "EXT 2018"]
[Source "ChessBase"]
[SourceDate "2017.10.13"]
[SourceVersion "1"]
[SourceVersionDate "2017.10.13"]
[SourceQuality "1"]

1. e4 Nf6 2. e5 Nd5 3. Nc3 Nb6 4. f4 d6 5. exd6 exd6 6. Nf3 Be7 7. d3 0-0 8. Be3 Re8 9. Qd2 Bf6 10. 0-0-0 Bxc3 11. bxc3 Nd5 12. Bf2 Qf6 13. d4 Qxf4 14. Bc4 Qxd2+ 15. Kxd2 Nb6 16. Bb3 Be6 17. Bg3 Nc6 18. Rdf1 Nc4+ 19. Kc1 Bd5 20. Bf4 N6a5 21. Rhg1 Re2 22. Nd2 Nxb3+ 23. axb3 Nxd2 24. Bxd2 Rae8 25. Re1 Rxe1+ 26. Rxe1 Rxe1+ 27. Bxe1 Bxg2 28. Kd2 f6 29. Ke3 Kf7 30. c4 Ke6 31. c3 g5 32. h4 a5 33. hxg5 fxg5 34. Bg3 b6 35. c5 b5 36. c4 bxc4 37. bxc4 a4 38. d5+ Ke7 39. cxd6+ cxd6 40. Kd3 h5 41. Kc3 h4 42. Bf2 Kd7 43. Kb4 Bf1 44. c5 dxc5+ 45. Bxc5 g4 0-1

[Event "Lisbon Odisseias rapid op 1st"]
[Site "Lisbon"]
[Date "2015.08.12"]
[Round "7"]
[White "Ulyanovskyy, Viktor"]
[Black "Bolhari, Orfeh Iraj"]
[Result "1-0"]
[WhiteElo "2348"]
[BlackElo "2085"]
[PlyCount "83"]
[EventDate "2015.08.13"]
[EventType "swiss (rapid)"]
[EventRounds "7"]
[EventCountry "POR"]
[SourceTitle "EXT 2018"]
[Source "ChessBase"]
[SourceDate "2017.10.13"]
[SourceVersion "1"]
[SourceVersionDate "2017.10.13"]
[SourceQuality "1"]

1. e4 e5 2. Nf3 Nc6 3. Bb5 Nf6 4. d3 Bc5 5. 0-0 d6 6. c3 0-0 7. Bg5 h6 8. Bh4 a6 9. Bxc6 bxc6 10. d4 exd4 11. cxd4 Bb6 12. Qc2 g5 13. Bg3 Bg4 14. Nbd2 Re8 15. e5 Nh5 16. Qxc6 Nxg3 17. hxg3 Re6 18. Rfe1 dxe5 19. Qe4 f5 20. Qc2 Bxf3 21. Nxf3 e4 22. Qc4 Qd6 23. d5 Ree8 24. Nd4 Rf8 25. g4 fxg4 26. Rxe4 Rf4 27. Rxf4 Qxf4 28. d6+ Qf7 29. Qxf7+ Kxf7 30. Nf5 Kg6 31. Ne7+ Kf7 32. Nd5 Rc8 33. Re1 Bd4 34. Re7+ Kf8 35. Rxc7 Rd8 36. d7 g3 37. Rc8 gxf2+ 38. Kf1 Bf6 39. Nxf6 Ke7 40. Rxd8 Kxd8 41. Kxf2 Ke7 42. b4 1-0

[Event "POR-ch"]
[Site "Lisbon"]
[Date "2014.09.08"]
[Round "3"]
[White "Silva, Fernando"]
[Black "Ulyanovskyy, Viktor"]
[Result "0-1"]
[WhiteElo "2283"]
[BlackElo "2256"]
[PlyCount "156"]
[EventDate "2014.09.07"]
[EventType "tourn"]
[EventRounds "9"]
[EventCountry "POR"]
[SourceTitle "CBM 162 Extra"]
[Source "ChessBase"]
[SourceDate "2014.10.17"]
[SourceVersion "1"]
[SourceVersionDate "2014.10.17"]
[SourceQuality "1"]

1. c4 e5 2. Nc3 Nc6 3. g3 Nf6 4. Bg2 Bc5 5. d3 h6 6. Nf3 d6 7. 0-0 a6 8. Ne1 0-0 9. Nc2 Nd4 10. e3 Bg4 11. f3 Nxc2 12. Qxc2 Be6 13. Kh1 c6 14. f4 Qc8 15. e4 exf4 16. Bxf4 Nh5 17. Bd2 Bg4 18. Be1 Nf6 19. Bf2 Bxf2 20. Qxf2 Qe6 21. Qb6 Rab8 22. Rf4 Nd7 23. Qd4 Ne5 24. b3 b5 25. Qe3 Rfe8 26. Raf1 Re7 27. Qd2 Rd8 28. d4 Ng6 29. d5 Qc8 30. dxc6 Nxf4 31. Qxf4 f6 32. Nd5 Re5 33. Qxe5 dxe5 34. Ne7+ Kf7 35. Nxc8 Rxc8 36. cxb5 axb5 37. Rc1 Bd7 38. c7 Ke7 39. Kg1 Kd6 40. b4 Bc6 41. Rc3 Kxc7 42. a3 Rd8 43. Bf1 Rd1 44. Kf2 Kb6 45. Re3 Rd4 46. Bd3 Kc7 47. Ke2 Kd6 48. Kd2 f5 49. Kc3 fxe4 50. Be2 Ke6 51. h4 Rd8 52. a4 bxa4 53. b5 Bb7 54. Kb4 Rf8 55. Ra3 Kd5 56. Rxa4 Kd4 57. Ra7 Bd5 58. Rd7 Rc8 59. b6 Rc2 60. Bb5 Rb2+ 61. Ka5 Ra2+ 62. Ba4 e3 63. b7 e2 64. b8Q e1Q+ 65. Qb4+ Qxb4+ 66. Kxb4 Rb2+ 67. Ka3 Rb6 68. Rxg7 e4 69. Bd1 Kc3 70. Be2 Rb7 71. Rxb7 Bxb7 72. g4 Kd2 73. Bc4 e3 74. g5 h5 75. g6 Be4 76. g7 Bh7 77. Kb4 e2 78. Bxe2 Kxe2 0-1

[Event "POR-ch"]
[Site "Lisbon"]
[Date "2014.09.08"]
[Round "2"]
[White "Ulyanovskyy, Viktor"]
[Black "Diogo, Vasco Andre Marcalo"]
[Result "1-0"]
[WhiteElo "2256"]
[BlackElo "2253"]
[PlyCount "141"]
[EventDate "2014.09.07"]
[EventType "tourn"]
[EventRounds "9"]
[EventCountry "POR"]
[SourceTitle "CBM 162 Extra"]
[Source "ChessBase"]
[SourceDate "2014.10.17"]
[SourceVersion "1"]
[SourceVersionDate "2014.10.17"]
[SourceQuality "1"]

1. b3 d5 2. e3 Nf6 3. Bb2 g6 4. Nf3 Bg7 5. Be2 0-0 6. 0-0 c6 7. c4 Nbd7 8. cxd5 cxd5 9. Na3 a6 10. Rc1 Re8 11. d4 Ne4 12. Qc2 Nb8 13. Nc4 Nc6 14. Nce5 Nb4 15. Qb1 Bf5 16. Nd3 Nc6 17. Rfd1 g5 18. Qa1 e6 19. Nc5 Nxc5 20. dxc5 e5 21. Bc4 Be6 22. h3 f6 23. Rd2 Bf8 24. Bxd5 Bxd5 25. e4 Bxe4 26. Rxd8 Raxd8 27. Nh2 h5 28. Nf1 a5 29. Re1 Bg6 30. Bc1 Bxc5 31. Be3 Nd4 32. Rd1 Rc8 33. Qb2 Red8 34. Kh1 b5 35. a3 Bf7 36. b4 axb4 37. axb4 Bb6 38. Rc1 Ra8 39. Ra1 Ra4 40. Ng3 Rda8 41. Rg1 Bg6 42. Bxd4 Bxd4 43. Qe2 Ra2 44. Qf3 Kg7 45. Rf1 h4 46. Nf5+ Bxf5 47. Qxf5 R8a7 48. g3 hxg3 49. fxg3 e4 50. Qxe4 Be5 51. h4 gxh4 52. Qxh4 R2a3 53. Qg4+ Kf7 54. Qf5 Kg7 55. Re1 Ra1 56. Rxa1 Rxa1+ 57. Kg2 Ra2+ 58. Kh3 Ra3 59. Qd7+ Kh6 60. Qxb5 Rxg3+ 61. Kh4 Rf3 62. Qc5 Kg6 63. b5 Rc3 64. Qd5 Kf5 65. b6 Rc1 66. b7 Kg6 67. Qe4+ Kg7 68. Qxe5 Rc4+ 69. Kh5 fxe5 70. b8Q Kf7 71. Qb3 1-0

[Event "POR-chT"]
[Site "Caldas da Rainha"]
[Date "2014.08.21"]
[Round "7.3"]
[White "Hammes, Michael"]
[Black "Ulyanovskyy, Viktor"]
[Result "1-0"]
[WhiteElo "2351"]
[BlackElo "2280"]
[PlyCount "45"]
[EventDate "2014.08.17"]
[EventType "team-tourn"]
[EventRounds "9"]
[EventCountry "POR"]
[SourceTitle "CBM 161 Extra"]
[Source "ChessBase"]
[SourceDate "2014.08.29"]
[SourceVersion "1"]
[SourceVersionDate "2014.08.29"]
[SourceQuality "1"]
[WhiteTeam "Coimbra"]
[BlackTeam "Barreirense"]
[WhiteTeamCountry "POR"]
[BlackTeamCountry "POR"]

1. d4 Nf6 2. c4 e6 3. Nc3 d5 4. cxd5 exd5 5. Bg5 Be7 6. e3 c6 7. Qc2 h6 8. Bh4 Ne4 9. Bxe7 Qxe7 10. Nxd5 cxd5 11. Qxc8+ Qd8 12. Bb5+ Nc6 13. Bxc6+ bxc6 14. Qxc6+ Ke7 15. Qb7+ Ke6 16. Ne2 g5 17. 0-0 Rb8 18. Qc6+ Ke7 19. Nc3 Nf6 20. Qc5+ Ke6 21. f4 gxf4 22. Rxf4 Qb6 23. Rxf6+ 1-0